Statistics for Real Zaragoza Best Scorer By Year

Click here to take the quiz!

General Stats

  • This quiz has been taken 37 times
  • The average score is 9 of 37

Answer Stats

Player% Correct
Diego Milito
81%
David Villa
77%
Juan Manuel Villa
77%
Hélder Postiga
61%
Juan Esnáider
58%
Savo Milošević
58%
Miguel Pardeza
52%
Juan Señor
45%
Francisco Higuera
42%
Marcelino Martínez
42%
Fernando Morientes
35%
Gus Poyet
32%
Ricardo Oliveira
32%
Yordi
32%
Canário
26%
Juan Seminario
26%
Adrián Colunga
19%
Pichi Alonso
19%
Saturnino Arrúa
19%
Eleuterio Santos
16%
Paulo Jamelli
16%
Roberto Acuña
13%
Rubén Sosa
13%
Ander Garitano
10%
Carlos Diarte
10%
Gabi
10%
Rosendo Hernández
6%
Juan Crespín
3%
Raúl Amarilla
3%
Rui Jordão
3%
Antonio Noguera
0%
Cholo
0%
Felipe Ocampos
0%
Joaquín Murillo
0%
José Aurelio Gay
0%
Miguel Ángel Bustillo
0%
Valeron Serer
0%

Score Distribution

Percentile by Number Answered

Percent of People with Each Score

Your Score History

You have not taken this quiz